| 000 | 01295cam a22003131i 4500 | ||
|---|---|---|---|
| 003 | SA-RiAUC | ||
| 005 | 20241028130747.0 | ||
| 008 | 241027s1995 ua g i 00000 ara c | ||
| 040 |
_aSA-RiKSU _bara _cSA-RiAUC _erda |
||
| 050 | 4 | _bM84 1995 | |
| 082 | 0 | 4 |
_a221.3 _qSA-RiAUC |
| 090 |
_a221.3 _bم ح م |
||
| 100 | 1 |
_aمحمد، زينب عطية _eمؤلف. |
|
| 245 | 1 | 0 |
_aأصول العلوم الإنسانية من القرآن الكريم : _bكشاف موضوعي / _cإعداد زينب عطية محمد ؛ إشراف جمال الدين عطية محمد. |
| 250 | _aالطبعة الأولى. | ||
| 264 | 1 |
_aالمنصورة، مصر : _bدار الوفاء، _c1995 |
|
| 300 |
_a2 مجلد ؛ _c24 سم |
||
| 336 |
_aنص _btxt _2rdacontent _3كتاب |
||
| 337 |
_aبدون وسيط _bn _2rdamedia |
||
| 338 |
_aمجلد _bnc _2rdacarrier |
||
| 500 | _aالجزء الاول : السنن الالهية فى الافاق والانفس والامم. | ||
| 630 | 2 | 7 |
_aالقرآن _vكشافات _2aucut |
| 650 | 7 |
_aالإنسان في القرآن _2aucsh |
|
| 700 | 1 |
_aعطية، جمال الدين، _d1928-2017 _eمشرف. |
|
| 730 | 2 | 2 | _aالقرآن |
| 942 |
_2ddc _cBOOK _n0 |
||
| 949 |
_aSA-JeALM _d241027 _umohamedma123 _n1 |
||
| 999 |
_c1799 _d1799 |
||